Kritická analýza vývoja teórií o "transformácii" kapitalizmu záverečná správa výskumnej úlohy SPEV VIII-6-6/4-1976-80
Salvato in:
| Autore principale: | |
|---|---|
| Natura: | Libro |
| Lingua: | slovacco |
| Pubblicazione: |
Bratislava
Vysoká škola ekonomická
1980
|
| Tags: |
Nessun Tag, puoi essere il primo ad aggiungerne!!
|
MARC
| LEADER | 00000nam a2200000 4500 | ||
|---|---|---|---|
| 001 | c138841 | ||
| 005 | 20250703110747.7 | ||
| 041 | 0 | |a slo | |
| 044 | |a SK | ||
| 245 | 1 | 0 | |a Kritická analýza vývoja teórií o "transformácii" kapitalizmu |b záverečná správa výskumnej úlohy SPEV VIII-6-6/4-1976-80 |c Ľudovít Korček |
| 264 | 1 | |a Bratislava |b Vysoká škola ekonomická |c 1980 | |
| 300 | |a Prer. s. | ||
| 100 | 1 | |a Korček, Ľudovít | |